01284nam a2200229 a 450000100080000000300080000800500170001600800410003303500210007404000220009504100130011708200240013010000650015424504210021926001180064030000280075850000760078650000630086265100260092570000570095170000460100879654) BD-RjUL20220404102821.0220404s1955 ua 000 0 ara d a(BD-RjUL)79654)  aNNLbaracBD-RjUL aaraheng 223a953.8bTWM 19551 a[Twitchell, Carl Siben] ;; [تويتشل، كارل سيبن12aالمملكة العربية السعودية :al mamlakat al arabiat al Saudiat :bوتطورات مصادرها الطبيعية /[watatawurat masadiriha altabieia]/cتأليف ك. س. تويتشل ومساهمة ادوارد چ. چورچى، ترجمة شكيب الاموى، تصدير حافظ وهبة.;; [talif k. s. tuitshil wamusahamat adward ch. chwrcha, tarjamat shakib alamawaa, tasdir hafiz Wahbat] aالقاهرة :bدار احياء الكتب العربية،;; [dar ahya' alkutub alearabiati],c١٩٥٥[م]. a[٤]، ٣١٦ص.c24 cm aعلى ظهر صفحة العنوان:[On the back of the title page]:  aThis is a translation of Saudi Arabia by K.S. Twitchell... 4aSaudi ArabiaxHistory1 a[Jerji, Edward Jabra ]جرجي، ادورد جبرا1 a[Umayyad, Shakib ]الاموى، شكيب